| 000 | 01879nam a2200457Ii 4500 | ||
|---|---|---|---|
| 001 | DIGVEDIV0352 | ||
| 003 | NyNyDIG | ||
| 007 | cr ||||||||||| | ||
| 008 | 220403s2013 sp o 000 0 spa d | ||
| 006 | m o d | ||
| 035 | _a(OCoLC)950897075 | ||
| 040 |
_aDGITA _beng _erda _epn _cDGITA |
||
| 020 |
_a9788499457444 _qeBook _qpdf |
||
| 020 | _z9788481692525 | ||
| 041 | 1 |
_aspa _heng |
|
| 050 | 1 | 4 | _aBT303.2 ebook |
| 100 | 1 |
_aMeier, John P., _eauthor. |
|
| 240 | 1 | 0 |
_aMarginal jew. _lSpanish _s(Fernández Martínez) |
| 245 | 1 | 3 |
_aUn judío marginal. _nTomo II/2, _pNueva visión del Jesús histórico. Los milagros / _cJohn P. Meier ; traducción, Serafin Fernández Martínez. |
| 246 | 3 | 0 | _aNueva visión del Jesús histórico |
| 264 | 1 |
_aEstella (Navarra), España : _bEVD, Editorial Verbo Divino, _c2013. |
|
| 300 | _a1 online resource. | ||
| 336 |
_atext _btxt _2rdacontent |
||
| 337 |
_acomputer _bc _2rdamedia |
||
| 338 |
_aonline resource _bcr _2rdacarrier |
||
| 347 |
_atext file _2rdaft |
||
| 347 | _bPDF | ||
| 588 | 0 | _aOnline resource; title from PDF title page (Digitalia, viewed April 03, 2022) | |
| 600 | 1 | 0 |
_aMeier, John P. _tMarginal Jew. |
| 600 | 0 | 0 |
_aJesus Christ _xHistoricity. |
| 655 | 0 | _aElectronic books. | |
| 700 | 1 |
_aFernández Martínez, Serafín, _etranslator. |
|
| 700 | 1 |
_iTranslation of: _aMeier, John P. _tMarginal jew. |
|
| 791 | 2 |
_aDigitalia (Firm), _edistributor. |
|
| 793 | 0 |
_gDigitalia eBook Collection: _aEditorial Verbo Divino |
|
| 776 | 0 | 8 |
_iPrint version: _aMeier, John P. _sMarginal jew. Spanish (Fernández Martínez). _tJudío marginal. _dEstella (Navarra), España : EVD, Editorial Verbo Divino, 2013 _z9788481692525 |
| 830 | 0 | _aEstudios bíblicos (Editorial Verbo Divino) | |
| 856 | 4 | 0 |
_3Digitalia Hispánica _uhttps://www.digitaliapublishing.com/a/51073/ |
| 910 | _aPremium collection: 2022 | ||
| 942 | _cRAA | ||
| 999 |
_c252235 _d252235 |
||